LEADER 01103nam a2200241 i 4500 001 000000025786 003 CaOOAMICUS 005 20250813122414.0 008 180830s1852 it u000 u ita u 040 $aSeMil$bita 100 1 $aBentivoglio, Guido,$d<1577-1644>.$0(OLS)http://semarc/name/11197 245 10$aLettere diplomatiche /$cdi Guido Bentivoglio ; ora per la prima volta pubblicate per cura di Luciano Scarabelli. 260 $aTorino :$bPomba e C.,$c1852. 300 $a2 v. ;$c18 cm. 490 1 $aNuova biblioteca popolare. Classe 10., Epistolografia 650 4$aBentivoglio, Guido - Lettere e carteggi.$0(OLS)http://semarc/subject/4104 700 1 $aScarabelli, Luciano.$0(OLS)http://semarc/name/11461 774 0 $tVol. 1.$g1$w()208207 774 0 $tVol. 2.$g2$w()208209 830 0$aNuova biblioteca popolare. Classe 10., Epistolografia.$0(OLS)http://semarc/title/34743 996 $6245$aLettere diplomatiche$9(OLS)http://semarc/title/34742 996 $6260$aTorino :$bPomba e C.$9(OLS)http://semarc/publisher/32529 LEADER 01169nam a2200265 i 4500 001 000000101451 003 CaOOAMICUS 005 20090210000000.0 008 090210s2000 it u000 u ita u 013 $a73603 020 $a88-384-4858-2 040 $aSeMil$bita 100 1 $aMagdeleine : de Jésus .$0(OLS)http://semarc/name/9260 245 10$aFino alle estremità della terra :$b1950-1989 /$cPiccola sorella Magdeleine di Gesù. 260 $aCasale Monferrato :$bPiemme,$c2000. 300 $a179 p. 490 0 $aL'anima del mondo ;$v36 773 0 $aMagdeleine : de Jésus $tGesù per le strade.$dCasale Monferrato : Piemme, 2000.$kAnima del mondo $g2$w()20685 830 2$aL'anima del mondo ;$v36.$0(OLS)http://semarc/title/2164 850 $aSeMil 852 $aSeMil$W1$xVenegono$y1$m2C V 556$j58251$B58251$CSeMilBibl$Z2$F68962 $81 961 $aAcquisto: Altro 996 $6020$a88-384-4858-2$9(OLS)http://semarc/number/81239 996 $6245$aFino alle estremità della terra :$b1950-1989$9(OLS)http://semarc/title/148353 996 $6260$aCasale Monferrato :$bPiemme$9(OLS)http://semarc/publisher/29798